La Divina comedia

-д хадгалсан:
Номзүйн дэлгэрэнгүй
Үндсэн зохиолч: Alighieri, Dante (autor)
Формат: Ном
Хэл сонгох:испани
Хэвлэсэн: Ciudad de México Porrua 1978
Хэвлэл:11a. ed
Цуврал:Sepan cuantos, 15
Нөхцлүүд:
Шошгууд: Шошго нэмэх
Шошго байхгүй, Энэхүү баримтыг шошголох эхний хүн болох!

MARC

LEADER 00000nam a2200000 a 4500
001 UCV7746
003 CL-VaPUC
008 890719e19780000MX |||||||||||||||||spa|d
082 0 4 |a 851  |b ALI  |2 21 
100 |a Alighieri, Dante  |e autor  |9 396 
245 1 3 |a La Divina comedia 
246 1 3 |a La vida nueva 
250 |a 11a. ed 
300 |a 304 p 
942 |c BK 
945 |d 19890719 00:00:00 
260 |a Ciudad de México  |b Porrua  |c 1978 
650 0 |a Poesías épicas italianas  |9 265486 
650 0 |a Poesías italianas  |9 265352 
583 |a last modification  |c 19890719 00:00:00  |k Rodrigo Vera 
490 0 |a Sepan cuantos, 15 
999 |c 213380  |d 213378 
952 |0 0  |1 0  |4 0  |6 851_000000000000000_ALI_1978  |7 0  |8 P  |9 195714  |a BIBARQ  |b BIBARQ  |d 2019-11-14  |i 263712K  |o 851 ALI 1978  |p 263712K  |r 2025-01-20  |w 2019-11-14  |y BK  |k ARQ 
952 |0 0  |1 0  |4 0  |6 851_000000000000000_ALI_1978  |7 0  |8 P  |9 195715  |a BIBARQ  |b BIBARQ  |d 2019-11-14  |i 3274608  |o 851 ALI 1978  |p 3274608  |r 2025-01-20  |w 2019-11-14  |y BK  |k ARQ